Score 0/21 Timer 01:30
1 Play Today
Question Answer Wrong Answers
Uranus Solar System
95.1%
Star Wars
0.3%
Star Trek
0.3%
Mars Solar System
95.1%
Star Wars
0.3%
Star Trek
0.3%
Neptune Solar System
95%
Star Wars
0.3%
Star Trek
0.2%
Jupiter Solar System
95%
Star Wars
0.3%
Star Trek
0.3%
Mercury Solar System
95%
Star Wars
0.3%
Star Trek
0.3%
Saturn Solar System
94.9%
Star Wars
0.3%
Star Trek
0.3%
Venus Solar System
94.9%
Star Wars
0.3%
Star Trek
0.3%
Tatooine Star Wars
91.4%
Solar System
0.4%
Star Trek
3.6%
Naboo Star Wars
90.6%
Solar System
0.5%
Star Trek
4.4%
Vulcan Star Trek
89.1%
Solar System
1.1%
Star Wars
5.6%
Hoth Star Wars
88.7%
Solar System
0.6%
Star Trek
6.3%
Endor Star Wars
87.8%
Solar System
0.4%
Star Trek
7.1%
Ferenginar Star Trek
83.1%
Solar System
1%
Star Wars
11.2%
Qo'noS Star Trek
79.7%
Solar System
0.8%
Star Wars
14.9%
Babel Star Trek
77%
Solar System
2.9%
Star Wars
15.5%
Bajor Star Trek
76.2%
Solar System
1.2%
Star Wars
18%
T'Khut Star Trek
73.8%
Solar System
0.5%
Star Wars
21.2%
Cardassia Prime Star Trek
71.8%
Solar System
2.6%
Star Wars
21.1%
Kessel Star Wars
71.4%
Solar System
1.4%
Star Trek
22.8%
Kashyyyk Star Wars
70.6%
Solar System
0.6%
Star Trek
24.3%
Rodia Star Wars
47.5%
Solar System
1.6%
Star Trek
46.3%
Remove Ads.
Support Sporcle.
Get the best of Sporcle when you Go Orange. This ad-free experience offers more features, more stats, and more fun while also helping to support Sporcle. Thank you for becoming a member.

You're not logged in!

Compare scores with friends on all Sporcle quizzes.
OR
Log In

Show Comments

Extras

Top Quizzes Today


Score Distribution

Your Account Isn't Verified!

In order to create a playlist on Sporcle, you need to verify the email address you used during registration. Go to your Sporcle Settings to finish the process.

Report this User

Report this user for behavior that violates our Community Guidelines.

Details: